Регионална библиотека "Любен Каравелов" - Русе

Корабите в миналото (Запис номер 168344)

MARC детайли
000 -Лидер
Контролно поле с фиксирана дължина 02005nam a2200469 c 4500
003 - Код на организацията, давaща контролен номер
Контролно поле BLK
005 - Дата и час на последна редакция
Контролно поле 20240313113859.0
008 - Елементи от данни с фиксирана дължина
fixed length control field 180411b bul|||||r ||||||| ||bul||
010 ## - Наследен системен номер
LC control number KNG00176228000
020 ## - Международен стандартен номер на книга ISBN
Международен стандартен номер на книга ISBN 978-954-625-967-7
040 ## - Източник на каталожния запис
Идентификатор на билиотеката - собственик на записа BLK
041 ## - Код за език
Код за езика на текст/звукозапис или на отделно заглавие Български
Код за езика КДБФ Български
072 #7 - Код за тематичната категория
Код организация bullib
Код за тематична категория Н86
Текст Детска отраслова литература Н
080 ## - УДК
Текстов определител УДК Средства на водния транспорт. Плавателни съдове. Корабостроене
УДК код - определител по УДК 629.12
УДК определител (091)(02.053.2)
УДК - код + определител 629.12(091)(02.053.2)
080 ## - УДК
Текстов определител УДК Кораби с платна
УДК код - определител по УДК 629.123.1
УДК определител (02.053.2)
УДК - код + определител 629.123.1(02.053.2)
100 1# - Редна дума - Автор
Автор Трухильо, Едуардо
Авторска отговорност първи автор
R(LIN) 275633
139 ## - Редно поле
Редна дума Трухильо, Едуардо
Авторски знак Тру - Т 87
245 10 - Сведения за заглавието
Заглавие Корабите в миналото
Редно поле (дума) Едуардо Трухильо; ил. Ф. Валиенте; прев. Дафинка Владимирова Иванова-Пламенова.
257 ## - Страна на издаване
Страна на създаване/издаване Испания
260 ## - Област на издателските данни
Име на издателя, разпространителя и проч. Фют
Година на издаване 2014
Печатница отпеч. в Испания
300 ## - Физическа характеристика
Страници 29 с.
Илюстрации и др. с цв. ил.
Размери/Мащаб 29 см
380 ## - Жанр
Жанр Детска отраслова лит.
490 ## - СЕРИИ (Колекции)
Име на серия Прочети и научи! Потърси и намери!
9 (RLIN) 207731
500 ## - Общи забележки
Забележка Ориг. загл. Busca en los barcos antiguos.
650 #4 - Допълнително описание по предмет – тема
Основно описание – тема или топоним Кораби
9 (RLIN) 159349
650 #4 - Допълнително описание по предмет – тема
Основно описание – тема или топоним Корабоплаване - история
9 (RLIN) 304558
653 ## - Ключова дума – ненормативна
Ключова дума кораби
653 ## - Ключова дума – ненормативна
Ключова дума корабоплаване
653 ## - Ключова дума – ненормативна
Ключова дума история
653 ## - Ключова дума – ненормативна
Ключова дума литература за деца
653 ## - Ключова дума – ненормативна
Ключова дума детска литература
659 ## - Тематичен бюлетин
Тематичен бюлетин Н
700 1# - Други автори (авторска отговорност)
Лично име Валиенте, Ф.
Автороска отговорност (Описва отношението между автора и произведението) ил.
9 (RLIN) 275634
700 1# - Други автори (авторска отговорност)
Лично име Иванова-Пламенова, Дафинка Владимирова
Автороска отговорност (Описва отношението между автора и произведението) прев.
9 (RLIN) 275635
852 ## - Местоположение
Форматна сигнатура Цб ІІ 20297
856 4# - Електронен адрес и достъп
Електронен формат pdf - файл
856 4# - Електронен адрес и достъп
Електронен формат pdf - файл
999 ## - СИСТЕМНИ КОНТРОЛНИ НОМЕРА
Koha biblionumber 168344
Koha biblioitemnumber 168344
942 ## - АРТИКУЛИ
Вид на библиотечния материал Книги
Скрит в OPAC Не
Koha issues (borrowed), all copies 12
Периодичен библиозапис Да
944 ## - СЪЗДАВАНЕ И РЕДАКЦИЯ на ЗАПИСА
Създаване/Редакция Създаване
Дата на регистрацията/редакция 02.06.2015
Статус, дата на статуса Бояна Костадинова
Служител, извършил регистрацията/редакцията 30551
944 ## - СЪЗДАВАНЕ И РЕДАКЦИЯ на ЗАПИСА
Създаване/Редакция Редакция
Дата на регистрацията/редакция 29.01.2016
Статус, дата на статуса ф /
Служител, извършил регистрацията/редакцията Людмила_Стоянова
999 ## - СИСТЕМНИ КОНТРОЛНИ НОМЕРА
Koha biblioitemnumber 168344
Наличности
Код за отписване Код за изгубен артикул Код за повреда Коз за рестрикции Код за отдаване Артикулен № Име на библиотеката - собственик Име на библиотеката, в която се намира в момента Статус (Текущо местоположение) Дата на вписване в системата Местоположение - отдел Цена в лева Инвентарен номер Систематично азбучна сигнатура Баркод Номер на екземпляра Цена в евро Служебна бележка Служебен тип на артикула
  Не е изгубен Не е повреден без рестрикции заемане за дома 284167 Регионална библиотека "Любен Каравелов" Русе Регионална библиотека "Любен Каравелов" Русе Детски отдел 2015-05-28 Детски отдел 9.90 120000788542 ДН 629/Т 87 120000788542 1 5.06 Дост: Pk Вид: Ф N: 432 Дата: 22.05.2015 Дата инв: 20.08.2015 Бележки инв: Д2015 Книги
  Не е изгубен Не е повреден без рестрикции ползва се в читалня 284168 Регионална библиотека "Любен Каравелов" Русе Регионална библиотека "Любен Каравелов" Русе Хранилище 2015-10-22 Хранилище 9.90 120000793948 Цб ІІ 20297 120000793948 2 5.06 Дост: Dp Вид: Д N: 37 Дата: 28.08.2015 Книги
Vip Innovations Ltd, Rousse, Bulgaria 2025